| 000 | 00567nam a2200181Ia 4500 | ||
|---|---|---|---|
| 008 | 151202s9999||||xx |||||||||||||| ||und|| | ||
| 082 | _bPNVM-23211 | ||
| 100 | _aआपटे गुरुजी. | ||
| 245 | _aसेनापती बापट दर्शन. | ||
| 260 | _b--- | ||
| 260 | _c0 | ||
| 300 | _a0 | ||
| 600 | _aआपटे गुरुजी. | ||
| 630 | _aसेनापती बापट दर्शन. | ||
| 700 | _aआपटे गुरुजी. | ||
| 730 | _aसेनापती बापट दर्शन. | ||
| 942 | _cBOOK | ||
| 999 |
_c1289186 _d1289183 |
||